000 00493nam a2200193Ia 4500
003 GCL
005 20240530103730.0
008 140319s9999 xx 000 0 ara d
040 _aGCL /
_cGCL
082 0 4 _a362.293
_bم ك
100 1 _aمحمد فتحى عيد
245 1 0 _a000000000000
_cمحمد فتحى عيد
300 _a190 ص
490 _aكتاب
_v0
650 0 4 _aالمخدرات
650 0 4 _aمكافحة المخدرات
650 0 4 _aالادمان
942 _2ddc
_cBK
999 _c42040
_d42040